[Event "1st Online FIDE Cup for disabled players"]
[Site "T#646224FIDE"]
[Date "2020.05.21"]
[Round "2"]
[White "Natashamorales11"]
[Black "SanderSeverino"]
[Result "0-1"]
[WhiteElo "1620"]
[BlackElo "1801"]
[Annotator "NA RC"]
[PlyCount "98"]
[EventDate "2020.05.21"]
[EventType "swiss (blitz)"]

1. d4 {[%emt 0:00:05]} Nf6 {[%emt 0:00:06]} 2. c4 {[%emt 0:00:02]} e6 {[%emt 0:00:04]} 3. Nc3 {[%emt 0:00:01]} d5 {[%emt 0:00:05]} 4. Bg5 {[%emt 0:00:05]} Be7 {[%emt 0:00:05]} 5. e3 {[%emt 0:00:05]} O-O {[%emt 0:00:10]} 6. Nf3 {[%emt 0:00:06]} dxc4 {[%emt 0:00:05]} 7. Bxc4 {[%emt 0:00:04]} a6 {[%emt 0:00:02]} 8. a4 {[%emt 0:00:19]} b6 {[%emt 0:00:08]} 9. O-O {[%emt 0:00:06]} Bb7 {[%emt 0:00:01]} 10. Rc1 {[%emt 0:00:16]} Nbd7 {[%emt 0:00:09]} 11. Qe2 {[%emt 0:00:35]} h6 {[%emt 0:01:04]} 12. Bh4 {[%emt 0:00:26]} Nd5 {[%emt 0:01:15]} 13. Bxe7 {[%emt 0:00:12]} Qxe7 {[%emt 0:00:03]} 14. Nxd5 {[%emt 0:00:18]} exd5 {[%emt 0:00:04]} 15. Ba2 {[%emt 0:00:42]} Rac8 {[%emt 0:00:24]} 16. Rfd1 {[%emt 0:01:23]} Qb4 {[%emt 0:00:30]} 17. Qc2 {[%emt 0:00:17]} Rfe8 {[%emt 0:00:56]} 18. Qb3 {[%emt 0:00:12]} Qxb3 {[%emt 0:00:46]} 19. Bxb3 {[%emt 0:00:03]} a5 {[%emt 0:00:33]} 20. h3 {[%emt 0:00:10]} Kf8 {[%emt 0:00:05]} 21. Rc3 {[%emt 0:00:27]} c6 {[%emt 0:00:43]} 22. Bc2 {[%emt 0:00:09]} g6 {[%emt 0:00:08]} 23. Bd3 {[%emt 0:00:15]} Ke7 {[%emt 0:00:32]} 24. Rdc1 {[%emt 0:00:08]} Kd6 {[%emt 0:00:04]} 25. h4 {[%emt 0:00:29]} c5 {[%emt 0:00:51]} 26. Bb5 {[%emt 0:00:20]} Bc6 {[%emt 0:00:19]} 27. dxc5+ {[%emt 0:01:22]} bxc5 {[%emt 0:00:29]} 28. Bxc6 {[%emt 0:00:59]} Rxc6 {[%emt 0:00:50]} 29. Nd4 {[%emt 0:00:06]} Rcc8 {[%emt 0:00:09]} 30. Nb5+ {[%emt 0:00:03]} Ke7 {[%emt 0:00:29]} 31. Kf1 {[%emt 0:01:02]} c4 {[%emt 0:01:08]} 32. Rd1 {[%emt 0:00:14]} Nb6 {[%emt 0:00:05]} 33. Ra3 {[%emt 0:00:35]} Red8 {[%emt 0:00:13]} 34. Raa1 {[%emt 0:00:07]} f5 {[%emt 0:00:06]} 35. Rd4 {[%emt 0:00:10]} Ke6 {[%emt 0:00:03]} 36. Nc3 {[%emt 0:00:03]} Na8 {[%emt 0:00:09]} 37. Rad1 {[%emt 0:00:04]} Nc7 {[%emt 0:00:01]} 38. h5 {[%emt 0:00:11]} g5 {[%emt 0:00:02]} 39. g4 {[%emt 0:00:26]} fxg4 {[%emt 0:00:02]} 40. Rxg4 {[%emt 0:00:09]} Rb8 {[%emt 0:00:03]} 41. Rd2 {[%emt 0:00:03]} Ne8 {[%emt 0:00:05]} 42. Rgd4 {[%emt 0:00:06]} Nf6 {[%emt 0:00:01]} 43. Kg2 {[%emt 0:00:08]} Rd7 {[%emt 0:00:06]} 44. Kf3 {[%emt 0:00:09]} Rbd8 {[%emt 0:00:01]} 45. Rd1 {[%emt 0:00:09]} Ke5 {[%emt 0:00:06]} 46. R4d2 {[%emt 0:00:08]} Ne4 {[%emt 0:00:18]} 47. Nxe4 {[%emt 0:00:19]} dxe4+ {[%emt 0:00:02]} 48. Kg4 {[%emt 0:00:02]} Rxd2 {[%emt 0:00:02]} 49. Rxd2 {[%emt 0:00:01]} Rxd2 {[%emt 0:00:02] Time (Lag: Av=0.78s, max=1.1s)} 0-1

[Event "1st Online FIDE Cup for disabled players"]
[Site "T#646224FIDE"]
[Date "2020.05.21"]
[Round "2"]
[White "SargissyanSargis"]
[Black "Gonchigdorj_Gombo"]
[Result "1-0"]
[WhiteElo "1620"]
[BlackElo "1620"]
[Annotator "NA RC"]
[PlyCount "38"]
[EventDate "2020.05.21"]
[EventType "swiss (blitz)"]

1. e4 {[%emt 0:00:26]} e5 {[%emt 0:00:10]} 2. Nf3 {[%emt 0:00:01]} Nc6 {[%emt 0:00:03]} 3. Bb5 {[%emt 0:00:03]} Bc5 {[%emt 0:00:09]} 4. O-O {[%emt 0:00:08]} Nf6 {[%emt 0:00:26]} 5. d3 {[%emt 0:01:05]} Qe7 {[%emt 0:00:19]} 6. c3 {[%emt 0:00:20]} a6 {[%emt 0:02:06]} 7. Bxc6 {[%emt 0:01:10]} bxc6 {[%emt 0:00:04]} 8. Nxe5 {[%emt 0:01:02]} Qxe5 {[%emt 0:00:40]} 9. d4 {[%emt 0:00:03]} Qe7 {[%emt 0:00:02]} 10. dxc5 {[%emt 0:00:03]} Qxc5 {[%emt 0:00:02]} 11. e5 {[%emt 0:00:13]} Nd5 {[%emt 0:00:20]} 12. Qg4 {[%emt 0:00:18]} Qf8 {[%emt 0:01:28]} 13. c4 {[%emt 0:00:14]} Nb6 {[%emt 0:00:22]} 14. Nc3 {[%emt 0:00:08]} d6 {[%emt 0:00:04]} 15. Qf3 {[%emt 0:00:16]} Bd7 {[%emt 0:00:15]} 16. exd6 {[%emt 0:00:06]} Qxd6 {[%emt 0:00:09]} 17. Bf4 {[%emt 0:00:22]} Qb4 {[%emt 0:02:03]} 18. Rfe1+ {[%emt 0:00:06]} Kf8 {[%emt 0:00:04]} 19. Bxc7 {[%emt 0:00:59]} Qxc4 {[%emt 0:00:45] Gonchigdorj_Gombo resigns (Lag: Av=0.84s, max=1.5s)} 1-0

[Event "1st Online FIDE Cup for disabled players"]
[Site "T#646224FIDE"]
[Date "2020.05.21"]
[Round "2"]
[White "ScerbinDmitrij"]
[Black "Evgenijkoishman"]
[Result "1-0"]
[WhiteElo "1620"]
[BlackElo "1869"]
[Annotator "NA RC"]
[PlyCount "65"]
[EventDate "2020.05.21"]
[EventType "swiss (blitz)"]

1. e4 {[%emt 0:00:04]} c5 {[%emt 0:00:02]} 2. c3 {[%emt 0:00:05]} Nf6 {[%emt 0:00:02]} 3. e5 {[%emt 0:00:04]} Nd5 {[%emt 0:00:01]} 4. d4 {[%emt 0:00:06]} cxd4 {[%emt 0:00:01]} 5. Qxd4 {[%emt 0:00:17]} e6 {[%emt 0:00:01]} 6. Bc4 {[%emt 0:00:04]} Nc6 {[%emt 0:00:02]} 7. Qe4 {[%emt 0:00:07]} f5 {[%emt 0:00:31]} 8. Qe2 {[%emt 0:00:17]} Nb6 {[%emt 0:00:03]} 9. Bb3 {[%emt 0:00:04]} Na5 {[%emt 0:00:20]} 10. Bc2 {[%emt 0:00:12]} Be7 {[%emt 0:00:14]} 11. Nf3 {[%emt 0:00:05]} O-O {[%emt 0:00:05]} 12. O-O {[%emt 0:00:04]} d5 {[%emt 0:00:08]} 13. exd6 {[%emt 0:00:08]} Qxd6 {[%emt 0:00:07]} 14. Rd1 {[%emt 0:00:10]} Qc7 {[%emt 0:00:06]} 15. Nbd2 {[%emt 0:00:23]} Bf6 {[%emt 0:00:15]} 16. Nb3 {[%emt 0:00:19]} Nac4 {[%emt 0:00:23]} 17. a4 {[%emt 0:00:37]} a5 {[%emt 0:00:05]} 18. Nbd4 {[%emt 0:00:07]} Bd7 {[%emt 0:00:50]} 19. Nb5 {[%emt 0:00:07]} Qc5 {[%emt 0:00:34]} 20. b3 {[%emt 0:00:27]} Ne5 {[%emt 0:01:03]} 21. Ba3 {[%emt 0:00:10]} Bxb5 {[%emt 0:00:14]} 22. axb5 {[%emt 0:00:18]} Qxc3 {[%emt 0:00:32]} 23. Bxf8 {[%emt 0:00:23]} Nxf3+ {[%emt 0:00:13]} 24. gxf3 {[%emt 0:00:04]} Kxf8 {[%emt 0:00:22]} 25. Rac1 {[%emt 0:00:17]} Bg5 {[%emt 0:00:36] Evgenijkoishman Предлагает ничью} 26. Rd3 {[%emt 0:03:07]} Qc7 {[%emt 0:00:48]} 27. Rcd1 {[%emt 0:00:19]} Re8 {[%emt 0:00:27]} 28. Rd6 {[%emt 0:00:31]} Nd5 {[%emt 0:00:51]} 29. Rxe6 {[%emt 0:00:13]} Rd8 {[%emt 0:01:02]} 30. Qe5 {[%emt 0:00:17]} Qxc2 {[%emt 0:00:25]} 31. Rxd5 {[%emt 0:00:06]} Rxd5 {[%emt 0:01:11]} 32. Qxd5 {[%emt 0:00:04]} g6 {[%emt 0:00:35]} 33. Qd7 {[%emt 0:00:36] Время (Lag: Av=0.80s, max=1.6s)} 1-0

[Event "1st Online FIDE Cup for disabled players"]
[Site "T#646224FIDE"]
[Date "2020.05.21"]
[Round "2"]
[White "Aigner_Michael"]
[Black "Ikemat35"]
[Result "1-0"]
[WhiteElo "1607"]
[BlackElo "1620"]
[Annotator "NA"]
[PlyCount "127"]
[EventDate "2020.05.21"]
[EventType "swiss (blitz)"]

1. e4 {[%emt 0:00:04]} c5 {[%emt 0:00:07]} 2. Nc3 {[%emt 0:00:01]} d6 {[%emt 0:00:31]} 3. g3 {[%emt 0:00:01]} Bd7 {[%emt 0:00:05]} 4. Bg2 {[%emt 0:00:02]} Bc6 {[%emt 0:00:02]} 5. d3 {[%emt 0:00:02]} g6 {[%emt 0:00:46]} 6. f4 {[%emt 0:00:02]} Bg7 {[%emt 0:00:03]} 7. Nf3 {[%emt 0:00:06]} e6 {[%emt 0:00:19]} 8. Be3 {[%emt 0:00:09]} Ne7 {[%emt 0:00:04]} 9. O-O {[%emt 0:00:01]} b5 {[%emt 0:00:27]} 10. Qd2 {[%emt 0:00:06]} b4 {[%emt 0:00:05]} 11. Nd1 {[%emt 0:00:01]} Nd7 {[%emt 0:00:08]} 12. a3 {[%emt 0:00:07]} a5 {[%emt 0:00:03]} 13. g4 {[%emt 0:00:41]} O-O {[%emt 0:00:57]} 14. axb4 {[%emt 0:01:42]} axb4 {[%emt 0:00:03]} 15. Rxa8 {[%emt 0:00:01]} Qxa8 {[%emt 0:00:02]} 16. b3 {[%emt 0:00:02]} Qa2 {[%emt 0:00:15]} 17. Bf2 {[%emt 0:00:24]} Nf6 {[%emt 0:01:13]} 18. h3 {[%emt 0:00:12]} h5 {[%emt 0:00:13]} 19. g5 {[%emt 0:00:02]} Nd7 {[%emt 0:00:04]} 20. Ne3 {[%emt 0:00:11]} Ra8 {[%emt 0:00:29]} 21. Qc1 {[%emt 0:01:09]} Qb2 {[%emt 0:00:07]} 22. Qxb2 {[%emt 0:00:24]} Bxb2 {[%emt 0:00:00]} 23. Nc4 {[%emt 0:00:01]} Bc3 {[%emt 0:00:15]} 24. Nxd6 {[%emt 0:00:15]} Ra2 {[%emt 0:00:03]} 25. Rc1 {[%emt 0:00:36]} Kg7 {[%emt 0:00:22]} 26. Nc4 {[%emt 0:00:09]} Bb5 {[%emt 0:00:14]} 27. Ne3 {[%emt 0:00:25]} Nc6 {[%emt 0:00:12]} 28. Nd1 {[%emt 0:00:23]} Ba1 {[%emt 0:00:20]} 29. Bf1 {[%emt 0:00:39]} Kf8 {[%emt 0:00:13]} 30. h4 {[%emt 0:00:07]} Ke7 {[%emt 0:00:03]} 31. Bh3 {[%emt 0:00:10]} Kd6 {[%emt 0:00:04]} 32. Bg3 {[%emt 0:00:20]} Ke7 {[%emt 0:00:06]} 33. Bf2 {[%emt 0:00:07]} Bg7 {[%emt 0:00:27]} 34. e5 {[%emt 0:00:12]} Bf8 {[%emt 0:00:08]} 35. Bg2 {[%emt 0:00:13]} Kd8 {[%emt 0:00:03]} 36. Nd2 {[%emt 0:00:05]} Nb6 {[%emt 0:00:05]} 37. Nc4 {[%emt 0:00:25]} Bxc4 {[%emt 0:00:05]} 38. dxc4 {[%emt 0:00:04]} Kc7 {[%emt 0:00:00]} 39. Be3 {[%emt 0:00:19]} Nc8 {[%emt 0:00:48]} 40. Nf2 {[%emt 0:00:05]} N8a7 {[%emt 0:00:05]} 41. Nd3 {[%emt 0:00:10]} Nd4 {[%emt 0:00:03]} 42. Bxd4 {[%emt 0:00:03]} cxd4 {[%emt 0:00:01]} 43. Kf1 {[%emt 0:00:05]} Kb6 {[%emt 0:00:25]} 44. Ke2 {[%emt 0:00:02]} Nc6 {[%emt 0:00:27]} 45. Bxc6 {[%emt 0:00:10]} Kxc6 {[%emt 0:00:02]} 46. Nf2 {[%emt 0:00:04]} Be7 {[%emt 0:00:04]} 47. Kd3 {[%emt 0:00:03]} Bc5 {[%emt 0:00:01]} 48. Ne4 {[%emt 0:00:08]} Ra3 {[%emt 0:00:05]} 49. Nd2 {[%emt 0:00:08]} Ra2 {[%emt 0:00:03]} 50. Nf3 {[%emt 0:00:01]} Kb6 {[%emt 0:00:25]} 51. Nxd4 {[%emt 0:00:04]} Rb2 {[%emt 0:00:04]} 52. Nf3 {[%emt 0:00:22]} Ra2 {[%emt 0:00:03]} 53. Ke2 {[%emt 0:00:24]} Kc6 {[%emt 0:00:06]} 54. Ne1 {[%emt 0:00:05]} Bd4 {[%emt 0:00:04]} 55. Nd3 {[%emt 0:00:03]} Bc3 {[%emt 0:00:06]} 56. Ke3 {[%emt 0:00:07]} Kb6 {[%emt 0:00:05]} 57. Nf2 {[%emt 0:00:25]} Kc5 {[%emt 0:00:06]} 58. Ne4+ {[%emt 0:00:05]} Kc6 {[%emt 0:00:15]} 59. Nxc3 {[%emt 0:00:04]} bxc3 {[%emt 0:00:01]} 60. Kd3 {[%emt 0:00:00]} Kc5 {[%emt 0:00:04]} 61. Kxc3 {[%emt 0:00:01]} Ra3 {[%emt 0:00:01]} 62. Rd1 {[%emt 0:00:02]} Ra2 {[%emt 0:00:09]} 63. Rd6 {[%emt 0:00:04]} Ra1 {[%emt 0:00:04]} 64. b4# {[%emt 0:00:05] (Lag: Av=0.59s, max=1.2s)} 1-0

[Event "1st Online FIDE Cup for disabled players"]
[Site "T#646224FIDE"]
[Date "2020.05.21"]
[Round "2"]
[White "Sadamalisheikh"]
[Black "ViktoriaBatarova"]
[Result "1-0"]
[WhiteElo "1490"]
[BlackElo "1620"]
[Annotator "NA RC"]
[PlyCount "81"]
[EventDate "2020.05.21"]
[EventType "swiss (blitz)"]

1. d4 {[%emt 0:00:10]} d5 {[%emt 0:00:05]} 2. Bf4 {[%emt 0:00:03]} Nf6 {[%emt 0:00:10]} 3. e3 {[%emt 0:00:05]} Bf5 {[%emt 0:00:09]} 4. c3 {[%emt 0:00:15]} e6 {[%emt 0:00:06]} 5. Nf3 {[%emt 0:01:10]} Bd6 {[%emt 0:00:11]} 6. Bg3 {[%emt 0:00:03]} c6 {[%emt 0:00:31]} 7. Bd3 {[%emt 0:00:07]} Bg4 {[%emt 0:00:49]} 8. Nbd2 {[%emt 0:00:14]} Qc7 {[%emt 0:00:30]} 9. Qc2 {[%emt 0:00:12]} Bxf3 {[%emt 0:00:34]} 10. Nxf3 {[%emt 0:00:08]} c5 {[%emt 0:01:01]} 11. O-O {[%emt 0:00:51]} c4 {[%emt 0:00:48]} 12. Be2 {[%emt 0:00:10]} Nc6 {[%emt 0:00:55]} 13. b3 {[%emt 0:00:12]} cxb3 {[%emt 0:01:03]} 14. axb3 {[%emt 0:00:05]} Ne4 {[%emt 0:00:22]} 15. Bxd6 {[%emt 0:00:24]} Nxd6 {[%emt 0:00:16]} 16. Ne1 {[%emt 0:00:51]} a6 {[%emt 0:00:21]} 17. Bf3 {[%emt 0:00:34]} Rc8 {[%emt 0:00:27]} 18. g3 {[%emt 0:00:20]} Nb4 {[%emt 0:00:39]} 19. cxb4 {[%emt 0:00:34]} Qxc2 {[%emt 0:00:03]} 20. Nxc2 {[%emt 0:00:06]} Rxc2 {[%emt 0:00:02]} 21. Rfc1 {[%emt 0:00:12]} Rb2 {[%emt 0:00:29]} 22. b5 {[%emt 0:00:05]} Rxb3 {[%emt 0:00:48]} 23. bxa6 {[%emt 0:00:08]} O-O {[%emt 0:00:12]} 24. axb7 {[%emt 0:00:07]} Rxb7 {[%emt 0:00:04]} 25. Rc6 {[%emt 0:00:15]} Nc4 {[%emt 0:00:14]} 26. e4 {[%emt 0:00:52]} Nd2 {[%emt 0:00:23]} 27. Kg2 {[%emt 0:00:23]} Nxe4 {[%emt 0:00:07]} 28. Bxe4 {[%emt 0:00:09]} dxe4 {[%emt 0:00:03]} 29. Rac1 {[%emt 0:00:10]} Rd7 {[%emt 0:00:14]} 30. R6c5 {[%emt 0:00:11]} Rxd4 {[%emt 0:00:10]} 31. R5c4 {[%emt 0:00:00]} Rxc4 {[%emt 0:00:03]} 32. Rxc4 {[%emt 0:00:17]} f5 {[%emt 0:00:02]} 33. g4 {[%emt 0:00:21]} Rd8 {[%emt 0:00:09]} 34. g5 {[%emt 0:00:03]} Rd2 {[%emt 0:00:07]} 35. Kg3 {[%emt 0:00:16]} f4+ {[%emt 0:00:11]} 36. Kxf4 {[%emt 0:00:06]} Rxf2+ {[%emt 0:00:04]} 37. Kxe4 {[%emt 0:00:02]} Rxh2 {[%emt 0:00:06]} 38. Ke5 {[%emt 0:00:05]} Rh5 {[%emt 0:00:08]} 39. Kxe6 {[%emt 0:00:05]} h6 {[%emt 0:00:09]} 40. g6 {[%emt 0:00:07]} Rg5 {[%emt 0:00:26]} 41. Rc8# {[%emt 0:00:07] (Lag: Av=0.76s, max=1.2s)} 1-0

[Event "1st Online FIDE Cup for disabled players"]
[Site "T#646224FIDE"]
[Date "2020.05.21"]
[Round "2"]
[White "Maka_natelauri"]
[Black "REIFENCHUK1"]
[Result "0-1"]
[WhiteElo "1118"]
[BlackElo "1563"]
[Annotator "NA RC"]
[PlyCount "52"]
[EventDate "2020.05.21"]
[EventType "swiss (blitz)"]

1. e4 {[%emt 0:00:14]} c5 {[%emt 0:00:04]} 2. Nc3 {[%emt 0:00:04]} Nc6 {[%emt 0:00:02]} 3. Bc4 {[%emt 0:00:06]} e6 {[%emt 0:00:03]} 4. Nf3 {[%emt 0:00:17]} a6 {[%emt 0:00:01]} 5. a4 {[%emt 0:00:04]} Nf6 {[%emt 0:00:03]} 6. e5 {[%emt 0:00:03]} Ng4 {[%emt 0:00:17]} 7. d3 {[%emt 0:00:23]} Ngxe5 {[%emt 0:00:03]} 8. Nxe5 {[%emt 0:00:03]} Nxe5 {[%emt 0:00:01]} 9. Ba2 {[%emt 0:00:05]} d5 {[%emt 0:00:02]} 10. d4 {[%emt 0:00:05]} Nc6 {[%emt 0:00:04]} 11. Be3 {[%emt 0:00:12]} cxd4 {[%emt 0:00:08]} 12. Bxd4 {[%emt 0:00:03]} e5 {[%emt 0:00:08]} 13. Bxe5 {[%emt 0:00:13]} Nxe5 {[%emt 0:00:03]} 14. Nxd5 {[%emt 0:00:03]} Be6 {[%emt 0:00:03]} 15. c4 {[%emt 0:00:07]} Bxd5 {[%emt 0:00:06]} 16. cxd5 {[%emt 0:00:05]} Bb4+ {[%emt 0:00:01]} 17. Kf1 {[%emt 0:00:04]} O-O {[%emt 0:00:01]} 18. g3 {[%emt 0:00:11]} Qf6 {[%emt 0:00:26]} 19. Qe2 {[%emt 0:00:51]} Rfe8 {[%emt 0:00:05]} 20. Kg2 {[%emt 0:00:22]} Ng6 {[%emt 0:00:06]} 21. Qc2 {[%emt 0:00:14]} Rac8 {[%emt 0:00:07]} 22. Qb3 {[%emt 0:00:12]} Bc5 {[%emt 0:00:04]} 23. Rhf1 {[%emt 0:00:04]} Re2 {[%emt 0:00:05]} 24. Qxb7 {[%emt 0:01:15]} Rxf2+ {[%emt 0:00:03]} 25. Kh3 {[%emt 0:00:21]} Qf5+ {[%emt 0:00:04]} 26. g4 {[%emt 0:00:07]} Qf3# {[%emt 0:00:01] (Lag: Av=0.61s, max=1.5s)} 0-1

[Event "1st Online FIDE Cup for disabled players"]
[Site "T#646224FIDE"]
[Date "2020.05.21"]
[Round "3"]
[White "Chicken16411"]
[Black "SargissyanSargis"]
[Result "1/2-1/2"]
[WhiteElo "2142"]
[BlackElo "1620"]
[Annotator "NA"]
[PlyCount "141"]
[EventDate "2020.05.21"]
[EventType "swiss (blitz)"]

1. e4 {[%emt 0:00:03]} e5 {[%emt 0:00:02]} 2. Nf3 {[%emt 0:00:02]} Nc6 {[%emt 0:00:01]} 3. Bb5 {[%emt 0:00:03]} a6 {[%emt 0:00:01]} 4. Ba4 {[%emt 0:00:02]} Nf6 {[%emt 0:00:01]} 5. O-O {[%emt 0:00:02]} Be7 {[%emt 0:00:02]} 6. Re1 {[%emt 0:00:02]} b5 {[%emt 0:00:01]} 7. Bb3 {[%emt 0:00:01]} d6 {[%emt 0:00:01]} 8. c3 {[%emt 0:00:02]} O-O {[%emt 0:00:01]} 9. d4 {[%emt 0:00:01]} Bg4 {[%emt 0:00:06]} 10. d5 {[%emt 0:00:02]} Na5 {[%emt 0:00:04]} 11. Bc2 {[%emt 0:00:03]} c6 {[%emt 0:00:03]} 12. h3 {[%emt 0:00:05]} Bc8 {[%emt 0:00:01]} 13. dxc6 {[%emt 0:00:06]} Qc7 {[%emt 0:00:05]} 14. Nbd2 {[%emt 0:00:02]} Qxc6 {[%emt 0:00:05]} 15. Nf1 {[%emt 0:00:03]} Re8 {[%emt 0:00:34]} 16. a4 {[%emt 0:00:32]} Bb7 {[%emt 0:01:17]} 17. Ng3 {[%emt 0:00:32]} h6 {[%emt 0:00:36]} 18. Nh4 {[%emt 0:00:55]} Bf8 {[%emt 0:02:39]} 19. Nhf5 {[%emt 0:00:44]} d5 {[%emt 0:00:51]} 20. axb5 {[%emt 0:02:03]} axb5 {[%emt 0:00:05]} 21. exd5 {[%emt 0:03:06]} Qxd5 {[%emt 0:00:11]} 22. Qxd5 {[%emt 0:00:03]} Bxd5 {[%emt 0:00:14]} 23. Bd3 {[%emt 0:00:24]} Bc4 {[%emt 0:00:53]} 24. Bf1 {[%emt 0:00:09]} Kh7 {[%emt 0:00:54]} 25. b4 {[%emt 0:00:10]} Bxf1 {[%emt 0:00:44]} 26. bxa5 {[%emt 0:00:17]} Bd3 {[%emt 0:00:04]} 27. Ne3 {[%emt 0:00:17]} b4 {[%emt 0:00:25]} 28. Bb2 {[%emt 0:00:11]} Rec8 {[%emt 0:00:49]} 29. Rec1 {[%emt 0:00:10]} b3 {[%emt 0:00:37]} 30. Rd1 {[%emt 0:00:55]} e4 {[%emt 0:00:08]} 31. Ngf5 {[%emt 0:00:09]} Rc5 {[%emt 0:00:06]} 32. Nd4 {[%emt 0:00:22]} Rcxa5 {[%emt 0:00:07]} 33. Nxb3 {[%emt 0:00:07]} Rxa1 {[%emt 0:00:05]} 34. Rxa1 {[%emt 0:00:03]} Rb8 {[%emt 0:00:03]} 35. Ba3 {[%emt 0:00:13]} Rxb3 {[%emt 0:00:29]} 36. Bxf8 {[%emt 0:00:05]} Rxc3 {[%emt 0:00:01]} 37. Bd6 {[%emt 0:00:10]} Rc6 {[%emt 0:00:16]} 38. Be5 {[%emt 0:00:03]} Re6 {[%emt 0:00:06]} 39. Bd4 {[%emt 0:00:06]} Rd6 {[%emt 0:00:01]} 40. Be5 {[%emt 0:00:01]} Re6 {[%emt 0:00:02]} 41. Bd4 {[%emt 0:00:04]} Nh5 {[%emt 0:00:21]} 42. g3 {[%emt 0:00:22]} Rd6 {[%emt 0:00:02]} 43. Be5 {[%emt 0:00:04]} Re6 {[%emt 0:00:01]} 44. Bd4 {[%emt 0:00:01]} Ra6 {[%emt 0:00:03]} 45. Rxa6 {[%emt 0:00:05]} Bxa6 {[%emt 0:00:02]} 46. Be5 {[%emt 0:00:03]} g6 {[%emt 0:00:15]} 47. g4 {[%emt 0:00:07]} Ng7 {[%emt 0:00:04]} 48. Bxg7 {[%emt 0:00:01]} Kxg7 {[%emt 0:00:02]} 49. h4 {[%emt 0:00:02]} Bc8 {[%emt 0:00:03]} 50. Kg2 {[%emt 0:00:01]} f5 {[%emt 0:00:01]} 51. gxf5 {[%emt 0:00:02]} gxf5 {[%emt 0:00:02]} 52. Kg3 {[%emt 0:00:00]} Kf6 {[%emt 0:00:01]} 53. Kf4 {[%emt 0:00:01]} Be6 {[%emt 0:00:01]} 54. f3 {[%emt 0:00:01]} exf3 {[%emt 0:00:03]} 55. Kxf3 {[%emt 0:00:01]} Ke5 {[%emt 0:00:01]} 56. Nf1 {[%emt 0:00:12]} Bd5+ {[%emt 0:00:04]} 57. Kf2 {[%emt 0:00:04]} f4 {[%emt 0:00:03]} 58. Nh2 {[%emt 0:00:02]} Kf5 {[%emt 0:00:02]} 59. Kf1 {[%emt 0:00:02]} f3 {[%emt 0:00:21]} 60. Kf2 {[%emt 0:00:03]} Kf4 {[%emt 0:00:01]} 61. Nf1 {[%emt 0:00:08]} Bf7 {[%emt 0:00:11]} 62. Nh2 {[%emt 0:00:02]} Bh5 {[%emt 0:00:05]} 63. Nf1 {[%emt 0:00:02]} Kg4 {[%emt 0:00:05]} 64. Nh2+ {[%emt 0:00:02]} Kf4 {[%emt 0:00:05]} 65. Nf1 {[%emt 0:00:01]} Bg4 {[%emt 0:00:17]} 66. Nh2 {[%emt 0:00:03]} h5 {[%emt 0:00:06]} 67. Nf1 {[%emt 0:00:01]} Bh3 {[%emt 0:00:04]} 68. Ng3 {[%emt 0:00:06]} Bg4 {[%emt 0:00:15]} 69. Nf1 {[%emt 0:00:02]} Bh3 {[%emt 0:00:02]} 70. Ng3 {[%emt 0:00:02]} Bg4 {[%emt 0:00:04]} 71. Nf1 {[%emt 0:00:02] (Lag: Av=0.84s, max=3.5s)} 1/2-1/2

[Event "1st Online FIDE Cup for disabled players"]
[Site "T#646224FIDE"]
[Date "2020.05.21"]
[Round "3"]
[White "yurmesh"]
[Black "ScerbinDmitrij"]
[Result "1-0"]
[WhiteElo "2002"]
[BlackElo "1620"]
[Annotator "TA"]
[PlyCount "81"]
[EventDate "2020.05.21"]
[EventType "swiss (blitz)"]

{[%evp 11,81,33,37,6,6,8,8,19,43,8,28,0,0,12,17,14,31,38,66,58,68,74,79,77,82,83,83,83,83,83,83,83,82,82,85,86,91,86,85,86,148,128,143,97,133,90,83,78,82,64,64,64,64,64,89,89,89,89,112,92,120,108,125,108,130,93,139,132,156,156,29987,29988]} 1. e4 c5 2. Nf3 e6 3. b3 Nf6 4. e5 Nd5 5. Bb2 Nc6 6. g3 Be7 7. c4 {B40: Sicilian: 2...e6, Unusual lines.} Nc7 8. Bg2 O-O 9. O-O {The position is equal.} f6 10. exf6 Bxf6 11. Bxf6 Qxf6 12. Nc3 d5 13. Qe2 Bd7 14. Rae1 {[#]} Rae8 $146 ({Predecessor:} 14... Rad8 15. Ne5 Nd4 16. Qd1 Be8 17. f4 b5 18. d3 b4 19. Nb1 a5 20. Nd2 a4 {½-½ (35) Hugentobler,P (2237)-Horvath,A (2528) Davos 2004}) 15. Ne5 Nd4 16. Qd3 Bc6 17. Nxc6 bxc6 18. Na4 Na6 19. Qc3 Nf3+ 20. Bxf3 Qxc3 21. Nxc3 Rxf3 22. cxd5 cxd5 {[#]} 23. Nxd5 $1 {[%mdl 576] Strongly threatening Nf4. Pin} Rd3 (23... exd5 24. Rxe8+) 24. Nf4 Rxd2 25. Nxe6 Rb2 {[#]} ({Better is} 25... h6) 26. Ng5 $1 $16 {[%cal Re1e8]} Nc7 27. Rxe8+ Nxe8 {[%mdl 4096] Endgame KRN-KRN} 28. Ne6 Rxa2 29. Nxc5 Rc2 30. Re1 (30. Nb7 {with more complications.} Nf6 31. Nd6 Rd2 32. Nc4 Ra2 33. Re1) 30... Rxc5 31. Rxe8+ $14 {KR-KR} Kf7 32. Rb8 Rc7 33. h4 h6 34. Kg2 Ke6 35. Rb5 Kd6 36. h5 Kc6 37. Rb4 Re7 38. Ra4 Kb5 39. g4 a5 40. Rd4 Rd7 $2 (40... Kc6 $16 41. Rd8 Rc7) 41. Rxd7 {Accuracy: White = 86%, Black = 69%.} 1-0

[Event "1st Online FIDE Cup for disabled players"]
[Site "T#646224FIDE"]
[Date "2020.05.21"]
[Round "3"]
[White "SanderSeverino"]
[Black "ValentaVitFM1978"]
[Result "1-0"]
[WhiteElo "1840"]
[BlackElo "1888"]
[Annotator "NA"]
[PlyCount "43"]
[EventDate "2020.05.21"]
[EventType "swiss (blitz)"]

1. d4 {[%emt 0:00:10]} Nf6 {[%emt 0:00:04] SanderSeverino reconnected.} 2. c4 {[%emt 0:00:06]} g6 {[%emt 0:00:04]} 3. f3 {[%emt 0:00:05]} Bg7 {[%emt 0:00:06]} 4. e4 {[%emt 0:00:03]} d6 {[%emt 0:00:02]} 5. Nc3 {[%emt 0:00:03]} O-O {[%emt 0:00:03]} 6. Be3 {[%emt 0:00:03]} Nbd7 {[%emt 0:00:07]} 7. Nge2 {[%emt 0:00:15]} e5 {[%emt 0:00:04]} 8. d5 {[%emt 0:00:18]} a5 {[%emt 0:00:25]} 9. Qd2 {[%emt 0:00:12]} Re8 {[%emt 0:00:10]} 10. O-O-O {[%emt 0:00:26]} b6 {[%emt 0:00:05]} 11. g4 {[%emt 0:00:07]} Nc5 {[%emt 0:00:10]} 12. Ng3 {[%emt 0:00:08]} Qe7 {[%emt 0:00:41]} 13. h4 {[%emt 0:00:08]} Qf8 {[%emt 0:00:04]} 14. h5 {[%emt 0:00:17]} Bd7 {[%emt 0:00:08]} 15. g5 {[%emt 0:01:11]} Nxh5 {[%emt 0:00:04] SanderSeverino reconnected.} 16. Nxh5 {[%emt 0:00:04]} gxh5 {[%emt 0:00:03]} 17. Qh2 {[%emt 0:00:06]} Bh8 {[%emt 0:00:31]} 18. Ne2 {[%emt 0:01:16]} Qg7 {[%emt 0:00:13]} 19. Ng3 {[%emt 0:00:09]} Qg6 {[%emt 0:00:09]} 20. Nxh5 {[%emt 0:00:21]} f5 {[%emt 0:01:06]} 21. gxf6 {[%emt 0:00:10]} Kf8 {[%emt 0:00:14]} 22. Rg1 {[%emt 0:00:09] ValentaVitFM1978 se vzdává (Lag: Av=0.69s, max=0.8s)} 1-0